La temporalité des tropismes de Nathalie Sarraute

Elmentve itt :
Bibliográfiai részletek
Szerző: Lombár Gombkötő Izabella
További közreműködők: Sarraute Nathalie
Dokumentumtípus: Cikk
Megjelent: 2007
Sorozat:Acta Universitatis Szegediensis de Attila József Nominatae : acta romanica 25
Kulcsszavak:Sarraute, Nathalie, Francia irodalom - 20. sz. - regény
Online Access:http://acta.bibl.u-szeged.hu/1896
LEADER 00751nab a2200193 i 4500
001 acta1896
005 20210420155326.0
008 161015s2007 hu o 0|| fre d
022 |a 0567-8099 
040 |a SZTE Egyetemi Kiadványok Repozitórium  |b hun 
041 |a fre 
100 2 |a Lombár Gombkötő Izabella 
245 1 3 |a La temporalité des tropismes de Nathalie Sarraute  |h [elektronikus dokumentum] /  |c  Lombár Gombkötő Izabella 
260 |c 2007 
300 |a 59-65 
490 0 |a Acta Universitatis Szegediensis de Attila József Nominatae : acta romanica  |v 25 
695 |a Sarraute, Nathalie, Francia irodalom - 20. sz. - regény 
700 0 1 |a Sarraute Nathalie 
856 4 0 |u http://acta.bibl.u-szeged.hu/1896/1/romanica_025_059-065.pdf  |z Dokumentum-elérés